Le Luxembourg en images - Statistiques

Statistiques générales
  • Ce quiz a été pris 208 fois
  • Le résultat moyen est 6 sur 15
Statistiques - réponses
Par images Hint Réponse % Correct
Capitale Luxembourg
99%
Présentateur de télévision Stéphane Bern
83%
Ville {Esch}-sur-Alzette
54%
Rivière Moselle
45%
Ancien pays Saint-Empire romain germanique
45%
Résidence du monarque Palais {grand}-{ducal}
33%
Monarque Henri
30%
Institution européenne Cour de justice de l'Union européenne
27%
Ville Schengen
27%
"Père fondateur" de l'UE Robert Schuman
26%
Quartier d'affaire Kirchberg
23%
Cycliste Andy Schleck
22%
Château fort Château de Vianden
21%
Quartier pittoresque Grund
15%
Plat {Judd} mat Gaardebounen
6%
Aucun quiz correspondant
Distribution des résultats
% des personnes avec chaque résultat
Percentile par nombre de réponses
Votre historique - résultats
Vous n’avez pas pris ce quiz